000 00510nam a2200169Ia 4500
999 _c34813
_d34813
003 OSt
005 20200204153918.0
008 190216s9999||||xx |||||||||||||| ||und||
040 _coclc
082 _a342.42
_bMEN/B
100 _aMenon, K P Sankara
_91821
245 0 _aBritish Bharanaghatana /
_cK P Sankara Menon
260 _bKerala Bhasha Institute,
_c1974.
_aThiruvananthapuram:
300 _a243p
650 _aPolitical Science
942 _cBK
_2ddc
_h342.42
_iMEN/B
_k342.42
_mMEN/B